Groups of 5/6 - Biology - Statistics

General Stats
  • This quiz has been taken 597 times
  • The average score is 16 of 43
Answer Stats
Hint Answer % Correct
Longest human bones Femur
88%
Tibia
73%
Kingdoms (Taxonomy) Animalia
72%
Plantae
66%
Fungi
62%
Ulna
61%
Fibula
60%
Monera
59%
Guanine
51%
Anaphase
50%
Nitrogenous bases Adenine
49%
Most common elements in human body after C, H, O, N Calcium
49%
Cytosine
49%
Telophase
49%
Metaphase
48%
Thymine
48%
Potassium
47%
Prophase
46%
Sodium
44%
Humerus
43%
Uracil
43%
Proteins causing different colours of blood Hemoglobin (Red)
42%
Heart Valves Mitral
38%
Phosphorus
34%
Protista
33%
Stages of Mitosis/Meiosis Interphase
32%
Tricuspid
31%
Sulfur
28%
Chlorine
27%
Storage and structural polysaccharides Starch
27%
Glycogen
26%
Aortic
24%
Cellulose
23%
Pulmonary
20%
Chitin
7%
Hemocyanin (Blue)
4%
Pectin
2%
Arabinoxylan
1%
Chlorocruorin (Green)
1%
Hemerythrin (Violet)
1%
Hemovanadin (Yellow)
1%
Inferior Vena Cava
1%
Coronary Sinus
0%
No matching quizzes found
Score Distribution
Percent of People with Each Score
Percentile by Number Answered
Your Score History
You have not taken this quiz